|
|
|
|
| LEADER |
01734nam a2200325 a 4500 |
| 001 |
13199731 |
| 008 |
090622s1999 bg ab 000 0 eng d |
| 999 |
|
|
|c 1626
|d 1626
|
| 010 |
|
|
|a \\2003306549
|
| 040 |
|
|
|a DLC
|c DLC
|
| 082 |
0 |
0 |
|a 693.852095492
|2 21
|
| 100 |
1 |
|
|a Haq, Bashirul.
|9 26705
|
| 245 |
1 |
0 |
|a Battling the storm :
|b study on cyclone resistant housing /
|c Bashirul Haq ; in Cooperation with Purnima Chattopadhayay-Dutt.
|
| 250 |
|
|
|a First edition
|
| 260 |
|
|
|a Dhaka :
|b German Red Cross,
|c c1999, c2007
|
| 300 |
|
|
|a 83 p. :
|b ill. (some col.), maps ;
|c 29 cm.
|
| 500 |
|
|
|a "Community Based Disaster Preparedness Programme, Bangladesh Red Crescent Society, Cox's Bazar"--P. facing t.p.
|
| 526 |
|
|
|a ARC
|
| 541 |
1 |
|
|e 00012207, 3010033282
|
| 650 |
|
0 |
|a Wind resistant design
|z Bangladesh.
|9 26706
|
| 650 |
|
0 |
|a Reinforced concrete construction
|z Bangladesh.
|9 26707
|
| 650 |
|
0 |
|a Hurricane protection
|z Bangladesh.
|9 26708
|
| 650 |
|
0 |
|a Buildings, Stormproof
|z Bangladesh.
|9 26709
|
| 700 |
1 |
|
|a Chattopadhayay-Dutt, Purnima,
|d 1960-
|9 26710
|
| 710 |
2 |
|
|a Deutsches Rotes Kreuz.
|9 26711
|
| 710 |
2 |
|
|a Community Based Disaster Preparedness Programme (Cox's Bāzār, Bangladesh)
|9 26712
|
| 852 |
4 |
|
|a Ayesha Abed Library
|j General shelf
|
| 942 |
0 |
0 |
|0 1
|2 ddc
|c BK
|
| 952 |
|
|
|0 0
|1 0
|2 ddc
|4 0
|6 693_852095492000000_HAQ
|7 0
|9 1492
|a BRACUL
|b BRACUL
|c GEN
|d 2009-06-28
|g 300.00
|l 3
|o 693.852095492 HAQ
|p 3010012207
|r 2019-05-19
|s 2019-05-12
|t 1
|v 600.00
|w 2009-06-28
|y BK
|
| 952 |
|
|
|0 0
|1 1
|2 ddc
|4 0
|6 693_852095492000000_HAQ
|7 0
|9 63620
|a ARC
|b ARC
|c GEN
|d 2018-07-08
|l 0
|o 693.852095492 HAQ
|p 3010033282
|r 2018-07-08
|t 2
|w 2018-07-08
|y BK
|x lost from the ARC department library and approved by the Dean (reasons personal books withdrawn by Hasibul Kabir Sir and Building shifting)
|